[Event "RUS-ch Rapid Men 2018"]
[Site "Sochi"]
[Date "2018.10.06"]
[Round "7"]
[White "Alekseev, Evgeny"]
[Black "Tomashevsky, Evgeny"]
[Result "1/2-1/2"]
[WhiteElo "2620"]
[BlackElo "2705"]
[Annotator "TA"]
[PlyCount "43"]
[EventDate "2018.10.05"]
[EventType "swiss"]
[EventCountry "RUS"]
[SourceTitle "playchess.com"]
[Source "ChessBase"]
[SourceQuality "1"]

{[%evp 30,43,7,1,12,14,27,15,15,15,15,15,20,15,20,21]} 1. e4 e5 2. Nf3 Nc6 3. Bc4 Bc5 4. O-O Nf6 5. d3 d6 6. c3 a6 7. Bb3 Ba7 8. Re1 O-O 9. h3 h6 10. Nbd2 {[%cal Bb1d2,Bd2f1,Bf1e3][%mdl 32]} Re8 11. Nf1 Be6 12. Be3 {C54: Giuoco Piano: 4 c3 Nf6, main lines with 5 d4 and 5 d3} (12. N3h2 Qd7 13. Qf3 Kh7 14. Ng3 d5 15. Bc2 d4 16. Nf5 Bxf5 17. exf5 e4 18. dxe4 Ne5 19. Qd1 d3 20. Bb3 {0-1 (29) Andriasian,Z (2603)-Nakamura,H (2763) chess.com INT 2018}) 12... Bxb3 13. Qxb3 Qd7 14. Bxa7 Rxa7 15. Ne3 Raa8 16. Rad1 {LiveBook: 7 Games} b6 {[#]} 17. Nh2 $146 ({Predecessor:} 17. Nd5 Nxd5 18. Qxd5 Ne7 19. Qb3 Ng6 20. d4 {½-½ (30) Rambaldi,F (2574)-Bruzon Batista,L (2661) Panama City 2017}) 17... Nd8 18. Nhg4 Nxg4 {The position is equal.} 19. hxg4 Ne6 20. d4 Qe7 21. Qc4 a5 22. f3 1/2-1/2

[Event "RUS-ch Rapid Men 2018"]
[Site "Sochi"]
[Date "2018.10.06"]
[Round "7"]
[White "Chigaev, Maksim"]
[Black "Krylov, Mikhail"]
[Result "1/2-1/2"]
[WhiteElo "2599"]
[BlackElo "2476"]
[Annotator "TA"]
[PlyCount "135"]
[EventDate "2018.10.05"]
[EventType "swiss"]
[EventCountry "RUS"]
[SourceTitle "playchess.com"]
[Source "ChessBase"]
[SourceQuality "1"]

{[%evp 17,135,22,32,22,27,0,20,13,18,22,66,69,55,79,59,67,74,68,106,97,105,112,104,105,103,104,134,156,167,163,172,181,304,283,293,234,323,213,218,215,205,212,275,275,274,274,249,258,259,259,278,260,274,144,219,185,169,118,100,0,0,0,0,0,0,0,0,0,0,0,0,0,0,0,0,0,0,0,0,0,0,0,0,0,0,0,0,0,0,0,0,0,0,0,0,0,0,0,0,0,0,0,0,0,0,0,0,0,0,0,0,0,0,0,0,0,0,0,0,0]} 1. e4 c5 2. Nf3 e6 3. d4 cxd4 4. Nxd4 Nc6 5. Nc3 Qc7 6. a3 a6 7. Be3 Nf6 8. f4 d6 9. Qf3 Be7 10. O-O-O {B82: Sicilian Scheveningen: 6 f4} (10. Bd3 {looks sharper.} e5 11. Nde2 exf4 12. Nxf4 Ne5 13. Qe2) 10... O-O 11. h3 (11. g4 Nxd4 12. Rxd4 e5 13. Rd2 Bxg4 14. Qg3 exf4 15. Bxf4 Be6 16. Be2 Qa5 17. Bh6 g6 18. Bxf8 Rxf8 19. Rxd6 Bxd6 20. Qxd6 {½-½ (43) Gabrielian,A (2506)-Chigaev,M (2577) Voronezh 2018}) 11... Nxd4 12. Bxd4 b5 13. g4 {[%cal Bg2g4,Bg4g5][%mdl 32]} Bb7 14. g5 $146 ({Predecessor:} 14. Bd3 Nd7 15. Kb1 e5 16. Be3 exf4 17. Bxf4 Ne5 18. Bxe5 dxe5 {1-0 (56) Nogerbek,K (2162)-Budisavljevic,L (1915) Batumi 2016}) 14... Nd7 15. h4 Rac8 16. Rh2 e5 17. Bg1 f5 18. Qh3 exf4 19. exf5 Ne5 20. Nd5 Bxd5 21. Rxd5 Kh8 22. Rhd2 Rf7 23. Bd4 Rcf8 24. Bd3 Qc6 (24... b4 $142) 25. Be4 $18 Qc4 26. Kb1 b4 27. axb4 Qxb4 28. Qc3 Qxc3 29. Bxc3 ({Much less strong is} 29. bxc3 $6 h6 $16) 29... Nc4 30. Rf2 Ne3 31. f6 gxf6 32. Rxf4 Nxd5 33. Bxd5 Kg7 34. h5 Bd8 {[#]} 35. Bxf7 ({Only move:} 35. Rg4 $1 $18) 35... Rxf7 {[%mdl 4096] Endgame KRB-KRB} (35... Kxf7 $16 {might work better.} 36. Bxf6 Ke6) 36. Rf5 Rf8 37. Rd5 (37. Rf3 $18) 37... Kf7 $16 38. Bxf6 ({Better is} 38. gxf6 $16 Ke6 39. Rxd6+ Kxd6 40. Bb4+ Kd5 41. Bxf8 Bxf6 42. b3) 38... Ke6 $11 {The position is equal.} 39. c4 {Threatens to win with Bxd8.} Bxf6 40. gxf6 Rxf6 {KR-KR} 41. Ra5 Rf5 42. Rxa6 Rxh5 43. Kc2 Kd7 44. b4 Rh3 45. Ra7+ Kc6 46. Ra6+ Kc7 47. Ra7+ Kc6 48. Rg7 h5 49. Rg6 Kc7 50. Rh6 Kd7 51. b5 Kc7 52. Rh7+ Kc8 53. b6 Rg3 54. Rc7+ Kb8 55. Rd7 Rg6 56. Kc3 Kc8 57. Rc7+ Kb8 58. Kb4 {With the idea Rh7.} Rh6 59. Kb5 h4 {[#] ...h3 is the strong threat.} 60. Rg7 h3 61. Rg8+ Kb7 62. Rg7+ Kb8 63. Ka6 {[%cal Rg7g8]} Rh8 {Strongly threatening ...h2.} 64. Rb7+ Ka8 $1 65. Ra7+ Kb8 66. Rb7+ Ka8 $1 67. Ra7+ Kb8 68. Rb7+ {Precision: White = 67%, Black = 66%.} 1/2-1/2

[Event "RUS-ch Rapid Men 2018"]
[Site "Sochi"]
[Date "2018.10.06"]
[Round "7"]
[White "Antipov, Mikhail Al."]
[Black "Artemiev, Vladislav"]
[Result "0-1"]
[WhiteElo "2593"]
[BlackElo "2706"]
[Annotator "TA"]
[PlyCount "94"]
[EventDate "2018.10.05"]
[EventType "swiss"]
[EventCountry "RUS"]
[SourceTitle "playchess.com"]
[Source "ChessBase"]
[SourceQuality "1"]

{[%evp 16,94,0,0,6,8,9,4,6,3,9,5,20,-8,0,0,0,0,0,0,0,0,0,0,0,0,0,0,0,0,0,0,0,0,0,0,0,0,0,0,0,0,0,0,0,0,0,0,0,0,0,0,0,-156,-135,-152,-143,-263,-257,-370,-355,-369,-348,-352,-346,-319,-320,-543,-518,-681,-659,-882,-716,-1201,-959,-713,-600,-1193,-1193,-667,-554]} 1. e4 c6 2. d4 d5 3. e5 Bf5 4. h4 h5 5. Bd3 Bxd3 6. Qxd3 {B12: Caro-Kann: Advance Variation} Qa5+ 7. Nd2 e6 8. Ne2 Ne7 9. O-O {LiveBook: 3 Games} Nf5 10. Nf3 Qa6 11. Qd1 c5 12. c3 Nc6 13. Bg5 $146 cxd4 14. cxd4 Be7 15. Ng3 Bxg5 16. Nxf5 Be7 $1 17. Nxe7 Nxe7 18. Rc1 Nf5 19. Rc7 {Hoping for Ng5.} O-O 20. Qb3 b6 21. Rfc1 Rac8 22. a4 Rxc7 23. Rxc7 Qe2 {aiming for ...Nxd4!} 24. Qc2 Nxd4 25. Qxe2 Nxe2+ $11 {[%mdl 4096] Endgame KRN-KRN} 26. Kf1 Nf4 27. b3 a5 28. g3 Nd3 29. Ke2 Nc5 30. Nd4 Kh7 31. Rc6 Rb8 32. Ke3 Kh6 33. f3 Kh7 34. g4 $2 {[#]} ({Better is} 34. f4 $11) 34... g5 $1 $17 {[%mdl 512]} 35. hxg5 hxg4 36. fxg4 (36. f4 $17 {might work better.}) 36... Kg6 $19 37. Nf3 (37. Ke2 $142) 37... Nxb3 38. Kf4 Nc5 39. Nh4+ Kg7 40. g6 Nd3+ ({Resist} 40... Nxa4 41. gxf7 Nc5 42. Nf3 $19) 41. Kg5 $2 (41. Kg3 {is the only way for White.} Nxe5 42. Rc7) 41... Nxe5 {Black is clearly winning.} 42. Rc7 Rh8 43. Nf5+ exf5 44. gxf5 Rd8 45. Re7 Rd6 46. Kf4 {[#]} Nxg6+ $1 47. fxg6 Rf6+ {Precision: White = 72%, Black = 84%.} 0-1

[Event "RUS-ch Rapid Men 2018"]
[Site "Sochi"]
[Date "2018.10.06"]
[Round "7"]
[White "Maletin, Pavel"]
[Black "Jary, Sergey"]
[Result "1-0"]
[WhiteElo "2586"]
[BlackElo "2286"]
[Annotator "ChessBase"]
[PlyCount "61"]
[EventDate "2018.10.05"]
[EventType "swiss"]
[EventCountry "RUS"]
[SourceTitle "playchess.com"]
[Source "ChessBase"]
[SourceQuality "1"]
[TimeControl "900+10"]

1. c4 {[%emt 0:00:00]} c6 {[%emt 0:00:00]} 2. Nf3 {[%emt 0:00:00]} Nf6 {[%emt 0:00:00]} 3. g3 {[%emt 0:00:00]} g6 {[%emt 0:00:01]} 4. Bg2 {[%emt 0:00:02]} Bg7 {[%emt 0:00:01]} 5. d4 {[%emt 0:00:02]} d5 {[%emt 0:00:02]} 6. Qb3 {[%emt 0:00:02]} O-O {[%emt 0:00:02]} 7. Nc3 {[%emt 0:00:02]} Qb6 {[%emt 0:00:05]} 8. O-O {[%emt 0:00:02]} Na6 {[%emt 0:00:18]} 9. cxd5 {[%emt 0:01:42]} Qxb3 {[%emt 0:00:08]} 10. axb3 {[%emt 0:00:01]} cxd5 {[%emt 0:00:04]} 11. Ne5 {[%emt 0:00:13]} e6 {[%emt 0:00:03]} 12. Bf4 {[%emt 0:01:40]} Nh5 {[%emt 0:02:19]} 13. Bd2 {[%emt 0:00:09]} f5 {[%emt 0:00:01]} 14. Rfc1 {[%emt 0:00:53]} Bxe5 {[%emt 0:00:31]} 15. dxe5 {[%emt 0:00:04]} Bd7 {[%emt 0:00:01]} 16. Nxd5 {[%emt 0:00:19]} exd5 {[%emt 0:01:29]} 17. Bxd5+ {[%emt 0:00:02]} Kg7 {[%emt 0:00:01]} 18. Bxb7 {[%emt 0:00:03]} Rab8 {[%emt 0:00:13]} 19. Bxa6 {[%emt 0:00:02]} Be6 {[%emt 0:00:01]} 20. b4 {[%emt 0:00:30]} Rf7 {[%emt 0:00:25]} 21. Rc6 {[%emt 0:00:18]} Re8 {[%emt 0:00:21]} 22. Bc3 {[%emt 0:00:04]} Kf8 {[%emt 0:00:15]} 23. Bd3 {[%emt 0:00:32]} f4 {[%emt 0:00:34]} 24. Rca6 {[%emt 0:00:15]} Ree7 {[%emt 0:00:24]} 25. Bd4 {[%emt 0:00:05]} fxg3 {[%emt 0:00:08]} 26. hxg3 {[%emt 0:00:03]} Bc8 {[%emt 0:00:19]} 27. Rxa7 {[%emt 0:00:07]} Rxa7 {[%emt 0:00:01]} 28. Bxa7 {[%emt 0:00:03]} Ng7 {[%emt 0:00:08]} 29. Bc5+ {[%emt 0:00:02]} Ke8 {[%emt 0:00:01]} 30. Bb5+ {[%emt 0:00:35]} Kd8 {[%emt 0:00:12]} 31. Bb6+ {[%emt 0:00:02]} 1-0

[Event "RUS-ch Rapid Men 2018"]
[Site "Sochi"]
[Date "2018.10.06"]
[Round "7"]
[White "Sakaev, Konstantin"]
[Black "Oparin, Grigoriy"]
[Result "1/2-1/2"]
[WhiteElo "2584"]
[BlackElo "2624"]
[Annotator "TA"]
[PlyCount "27"]
[EventDate "2018.10.05"]
[EventType "swiss"]
[EventCountry "RUS"]
[SourceTitle "playchess.com"]
[Source "ChessBase"]
[SourceQuality "1"]

{[%evp 17,27,23,0,-6,10,10,9,-33,-15,-20,-6,-9]} 1. Nf3 Nf6 2. c4 e6 3. Nc3 c5 4. g3 b6 5. Bg2 Bb7 6. O-O Be7 7. d4 cxd4 8. Qxd4 O-O 9. Bg5 h6 {LiveBook: 22 Games. A30: Symmetrical English: Double Fianchetto and Hedgehog} 10. Be3 $146 ({Predecessor:} 10. Bxf6 Bxf6 11. Qd3 Na6 12. Rfd1 Nc5 13. Qe3 a5 14. Rac1 Rc8 15. b3 Qe7 16. h4 Rfd8 17. Ne5 Bxg2 18. Kxg2 {½-½ (118) Cheparinov,I (2710)-Socko,B (2593) Riadh 2017}) 10... d6 11. Rfd1 Nbd7 12. Nh4 Qc8 13. Rac1 Rd8 14. b3 1/2-1/2

[Event "RUS-ch Rapid Men 2018"]
[Site "Sochi"]
[Date "2018.10.06"]
[Round "7"]
[White "Timofeev, Artyom"]
[Black "Ofitserian, Boris"]
[Result "1-0"]
[WhiteElo "2580"]
[BlackElo "2411"]
[Annotator "TA"]
[PlyCount "123"]
[EventDate "2018.10.05"]
[EventType "swiss"]
[EventCountry "RUS"]
[SourceTitle "playchess.com"]
[Source "ChessBase"]
[SourceQuality "1"]

{[%evp 18,123,0,-6,7,1,7,0,0,-6,31,-31,-31,-36,-30,-86,-89,-84,-88,-94,-79,-69,-46,-47,-59,-113,-70,-126,37,-47,-43,-45,-51,-55,-55,-1087,-59,-46,0,0,0,0,0,0,13,8,24,8,18,21,35,0,25,21,52,44,60,31,40,33,60,52,76,72,77,8,8,0,10,4,539,28,170,174,175,191,175,171,190,167,176,174,466,455,447,360,544,534,515,515,710,675,29973,29974,29976,29977,29990,4921,29988,29974,12800,6153,6717,2721,29978,29979,29994,29995]} 1. c4 Nf6 2. Nc3 c5 3. Nf3 d5 4. cxd5 Nxd5 5. g3 Nc6 6. Bg2 Nc7 7. O-O e5 8. a3 Rb8 {A34: Symmetrical English: 2 Nc3, lines with ...d5} 9. d3 (9. Rb1 Be7 10. b4 cxb4 11. axb4 b5 12. Qc2 Rb6 13. d3 Nxb4 14. Qb2 f6 15. Be3 Ra6 16. Nd2 {½-½ (42) Meier,G (2628)-Svidler,P (2753) Jerusalem 2018}) 9... Be7 10. Be3 {LiveBook: 12 Games} Be6 {The position is equal.} 11. Rc1 O-O 12. Na4 b6 {[#]} 13. b4 $1 {[%cal Rb4c5][%mdl 512]} e4 $146 (13... cxb4 14. Rxc6) ({Predecessor:} 13... f6 14. bxc5 b5 15. Nc3 b4 16. axb4 Rxb4 17. Rb1 a5 18. Ng5 Nd4 19. Nxe6 Ndxe6 20. Rxb4 axb4 {1-0 (32) Hauge,L (2071)-Johnsen,S (2009) Fagernes 2012}) 14. Nd2 (14. dxe4 $14 Qxd1 15. Rfxd1) 14... Nd5 $1 $15 {...exd3 is the strong threat.} 15. Nxe4 {[%cal Rb4c5]} f5 16. Nd2 (16. Bxc5 $11 bxc5 17. Nexc5) 16... Nxe3 $17 17. fxe3 Ne5 18. bxc5 Ng4 19. Rf3 Bg5 20. Nf1 Bd5 $36 {[%mdl 2048] Black has good play.} 21. cxb6 ({Better is} 21. Qd2 $15) 21... axb6 22. e4 (22. Qd2 $15) 22... Ba8 $2 (22... Bxc1 $17 23. exd5 Bxa3) 23. Qb3+ (23. e3 $14) 23... Kh8 $15 24. Re1 $1 fxe4 25. dxe4 Bxe4 26. Rxf8+ Qxf8 27. Bf3 b5 28. Bxg4 bxa4 29. Qxa4 Qc5+ 30. e3 {[%cal Be2e3,Be3e4][%mdl 32]} Ba8 31. Qd4 Qc6 {[%csl Ga8][%cal Rc6g2]} 32. e4 Be7 33. Kg2 Bxa3 34. Re2 h6 35. Bf3 Rf8 36. Ne3 Bc5 37. Qc4 Qf6 38. Nf5 Bb6 39. Qb4 g6 40. Nh4 $1 {[%cal Rh4g6]} ({And not} 40. Rb2 Bc5 $17) 40... Kg7 41. Qb3 ({White should try} 41. Rd2 $16 Rd8 42. Ra2) 41... Bd4 42. Qd3 Be5 43. Ra2 Qb6 $2 {[%mdl 8192]} (43... Bb7 $11) 44. Qa6 $2 (44. Qd7+ $18 Rf7 45. Qe8 Bxg3 46. hxg3) 44... Bd4 (44... Qc6 $1 $11 {and Black has nothing to worry.}) 45. Qxb6 $18 Bxb6 46. Ra6 Rb8 47. e5 Bxf3+ 48. Kxf3 {[%mdl 4096] Endgame KRB-KRN} ({But not} 48. Nxf3 $6 Be3 $16) 48... Kf7 49. Ke4 Bg1 $2 (49... Rb7 50. Ng2 g5) 50. Rf6+ Kg8 51. Nf3 Ba7 (51... Rb4+ {was necessary.} 52. Kd3 Bf2 53. Rxg6+ Kh7) 52. Rxg6+ Kh7 53. Rc6 Rb4+ 54. Kf5 {Hoping for Rc7+.} Be3 55. Rc7+ Kg8 56. e6 Bb6 57. Rb7 (57. Rc8+ $142 Kg7 58. e7 Rb5+ 59. Ke6 Ba5 60. e8=Q Rb6+ 61. Kd5 Rb5+ 62. Qxb5) 57... Rb5+ 58. Kg6 Kf8 {[#]} 59. g4 (59. Nd4 $142 $1 {[%mdl 512]} Bxd4 60. Rxb5) 59... Ke8 {[#]} 60. h4 (60. Nd4 $142 $1 {[%mdl 512]} Rg5+ (60... Bxd4 61. Rxb5) 61. Kxh6 Rxg4 62. Nc6) 60... Rb4 61. Ne5 Rb5 62. Nc6 {Precision: White = 47%, Black = 28%.} 1-0

[Event "RUS-ch Rapid Men 2018"]
[Site "Sochi"]
[Date "2018.10.06"]
[Round "7"]
[White "Panarin, Mikhail"]
[Black "Miroshnichenko, Pavel"]
[Result "1-0"]
[WhiteElo "2562"]
[BlackElo "2275"]
[Annotator "TA"]
[PlyCount "65"]
[EventDate "2018.10.05"]
[EventType "swiss"]
[EventCountry "RUS"]
[SourceTitle "playchess.com"]
[Source "ChessBase"]
[SourceQuality "1"]

{[%evp 30,65,15,11,37,27,41,12,111,114,124,129,216,233,231,231,343,359,398,396,413,389,600,604,627,627,627,627,632,613,1225,1210,29977,29971,29964,6307,29992,29993]} 1. e4 e5 2. Nf3 Nc6 3. Bb5 a6 4. Ba4 Nf6 5. O-O Be7 6. Re1 b5 7. Bb3 d6 8. c3 O-O 9. h3 Bb7 10. d4 Re8 11. Nbd2 Bf8 12. Bc2 g6 13. a4 Bg7 14. d5 Ne7 15. b3 c6 16. c4 {LiveBook: 3 Games} cxd5 {C92: Closed Ruy Lopez: 9...Be6, Karpov and Flohr-Zaitsev Variations} (16... b4 17. Bb2 Nd7 18. Nf1 cxd5 19. cxd5 Nc5 20. Ne3 a5 21. Nd2 Nc8 22. Ndc4 Nb6 23. Nxb6 Qxb6 24. Nc4 {1-0 (54) Kandil,A (2312)-Gareyev,T (2606) Mumbai 2017}) 17. cxd5 Nh5 18. Bd3 $146 ({Predecessor:} 18. axb5 axb5 19. Rxa8 Qxa8 20. Bd3 Qa5 21. Nh2 Nf4 22. Bf1 Bc8 23. Nb1 Bd7 24. Bd2 {½-½ (37) Omelja,A (2253)-Golubka,P (2386) Novoyavorivsk 2013}) 18... bxa4 (18... Nf4 $11 {keeps the balance.} 19. Bf1 Qd7) 19. Rxa4 $16 Nf4 20. Bf1 f5 (20... Nc8 $16) 21. Ba3 $18 fxe4 22. Nxe4 Nf5 (22... Nc8 $142 23. g3 Nh5) 23. g4 Nd4 24. Nxd6 Nxf3+ 25. Qxf3 Bxd5 (25... Qd7 $142 26. Nxe8 Rxe8) 26. Qd1 Be6 27. Rxf4 exf4 28. Rxe6 {[#] White wants to mate with Qd5.} Rxe6 29. Qd5 Qf6 30. Qxa8+ Bf8 31. Bc4 Kg7 32. Qb7+ Be7 33. Ne8+ {Precision: White = 84%, Black =  5%.} 1-0

[Event "RUS-ch Rapid Men 2018"]
[Site "Sochi"]
[Date "2018.10.06"]
[Round "7"]
[White "Savchenko, Boris"]
[Black "Esipenko, Andrey"]
[Result "1-0"]
[WhiteElo "2562"]
[BlackElo "2609"]
[Annotator "TA"]
[PlyCount "57"]
[EventDate "2018.10.05"]
[EventType "swiss"]
[EventCountry "RUS"]
[SourceTitle "playchess.com"]
[Source "ChessBase"]
[SourceQuality "1"]

{[%evp 21,57,23,53,23,81,83,92,88,90,96,74,77,79,97,388,370,393,393,379,367,380,390,452,432,927,793,857,843,1039,965,1975,1882,1551,726,904,698,699,683]} 1. Nf3 Nf6 2. c4 g6 3. Nc3 d5 4. d4 Bg7 5. Qb3 dxc4 6. Qxc4 O-O 7. e4 Na6 8. Be2 c5 9. d5 e6 10. O-O exd5 11. exd5 Qb6 {LiveBook: 8 Games} 12. Be3 {D97: Grünfeld: Russian System: 7 e4, replies other than 7...Bg4} (12. Qh4 Bf5 13. Bg5 Nd7 14. Bb5 Nc7 15. Bxd7 Bxd7 16. Rad1 Qb4 17. Ne4 Bf5 18. Nf6+ Bxf6 19. Qxb4 cxb4 20. Bxf6 {½-½ (115) Hillarp Persson,T (2543)-Chatalbashev,B (2571) Kragero 2018}) 12... Qxb2 $146 (12... Bf5 $11 {keeps the balance.}) ({Predecessor:} 12... Bf5 13. b3 Rfe8 14. Rad1 Rxe3 15. fxe3 Ng4 16. Na4 Qd8 17. e4 Bd7 18. e5 b5 19. Qf4 Bh6 20. Qg3 Ne3 {1-0 (45) Turqueza,M (2249)-Dela Cruz,N (2323) Quezon City 2014}) 13. Rab1 $16 {[%cal Ba1b1,Bb1b5,Bb5b3][%mdl 32]} Qa3 14. Rb5 {[%mdl 1024] White is better. White has strong compensation.} Ng4 15. Bd2 {Black must now prevent Nb1.} Nc7 16. Rb3 Qa5 17. d6 $36 {[%mdl 2048] Threatens to win with Nd5. White is on the roll.} Na6 $2 {[%mdl 8192]} (17... Be6 $16 18. Nd5 Bxd5 19. Bxa5 Bxc4 20. Bxc4 Ne8) 18. Nd5 $18 {[%cal Bc3d5,Bd5e7,Be7c8,Bc8d6,Bd6b7][%mdl 32]} Qd8 19. Bg5 Qxd6 {...Be6 is the strong threat.} 20. Ne7+ Kh8 {And now ...Be6 would win.} 21. Nxc8 Qd7 {[#]} 22. Nd6 $1 {[%mdl 512] White is clearly winning.} Nxf2 (22... Qxd6 $142 23. Rxb7 Rab8) 23. Nxb7 Ng4 24. Qxa6 Bd4+ 25. Kh1 Nf2+ {[#]} 26. Rxf2 $1 Bxf2 27. Qf6+ Kg8 28. Bh6 {[%csl Gh6][%cal Rf6g7]} Bd4 29. Nxd4 {Precision: White = 57%, Black = 26%.} 1-0

[Event "RUS-ch Rapid Men 2018"]
[Site "Sochi"]
[Date "2018.10.06"]
[Round "7"]
[White "Smagin, Sergey"]
[Black "Vastrukhin, Oleg"]
[Result "0-1"]
[WhiteElo "2551"]
[BlackElo "2413"]
[Annotator "TA"]
[PlyCount "66"]
[EventDate "2018.10.05"]
[EventType "swiss"]
[EventCountry "RUS"]
[SourceTitle "playchess.com"]
[Source "ChessBase"]
[SourceQuality "1"]

{[%evp 11,66,38,38,33,30,0,50,29,50,0,0,0,0,0,0,0,33,12,24,-22,-13,-185,-144,-185,-63,-185,-177,-208,-146,-146,-152,-124,-158,-156,-145,-175,-171,-161,0,0,20,-151,-151,-364,-377,-369,-364,-340,-327,-1191,-1137,-1987,-1954,-2844,-4062,-29999,-675]} 1. e4 {[%cal Be2e4,Be4e5][%mdl 32]} g6 2. d4 Bg7 3. c3 c6 4. f4 d5 5. e5 Nh6 (5... h5 6. Nf3 Nh6 7. Be2 Bg4 8. O-O e6 9. Be3 Nf5 10. Bf2 Bh6 11. Qd2 Nd7 12. Na3 Rc8 13. Rfe1 Bf8 14. Nc2 {1-0 (58) Medvegy,Z (2555)-Serafimov,T (2425) Austria 2012}) 6. Nd2 {B06: Modern Defence} f6 {LiveBook: 3 Games} 7. Ngf3 O-O 8. Bd3 {White has an edge.} Bf5 $146 ({Predecessor:} 8... fxe5 9. fxe5 c5 10. Nf1 cxd4 11. cxd4 Nc6 12. Ne3 Nf5 13. Nxf5 Bxf5 14. Bxf5 Rxf5 {½-½ (30) Tran,N (2219)-Hoang,T (2303) Ho Chi Minh City 2015}) 9. Be2 fxe5 10. fxe5 c5 11. Nb3 cxd4 12. cxd4 Nc6 13. O-O Rc8 14. Kh1 Nb4 {...Nc2 is the strong threat.} 15. Ne1 Be4 16. Bxh6 $2 (16. Bd2 $11 {and White has nothing to worry.}) 16... Bxh6 17. Nc5 Rxf1+ 18. Bxf1 Qf8 $1 {[%cal Rf8f1]} 19. Be2 Rxc5 20. dxc5 Qf2 21. Nf3 Nc2 $1 $40 {[%cal Rc2e3][%mdl 128] Black is out for blood.} 22. Qf1 Qxc5 23. Rd1 Qb6 {[%mdl 1024] Black has strong compensation.} 24. Qg1 {[#]} Be3 $2 ({Worse is} 24... Qxb2 25. Qc5 $11) ({Black should play} 24... Ne3 $1 $19 25. Re1 Qxb2) 25. Qf1 $11 Bf4 {aiming for ...Ne3.} 26. Qg1 $2 {[#]} (26. Ne1 $11 Nxe1 27. Rxe1 Bxe5 28. Bd3) 26... Ne3 $1 $17 ({Don't play} 26... Qxb2 27. Qc5 $15) 27. Rc1 $2 (27. Rd2 $17) 27... Qxb2 $19 28. Rc8+ Kg7 29. Qe1 Bxe5 ({Don't do} 29... Qxa2 30. Rc7 $19) 30. Bf1 $2 (30. a4) 30... Nxf1 31. Qxf1 Bxf3 32. Re8 Bd6 33. Qd1 Qc3 {Precision: White = 18%, Black = 71%.} (33... Qxg2# $142) 0-1

[Event "RUS-ch Rapid Men 2018"]
[Site "Sochi"]
[Date "2018.10.06"]
[Round "7"]
[White "Iljiushenok, Ilia"]
[Black "Matlakov, Maxim"]
[Result "0-1"]
[WhiteElo "2539"]
[BlackElo "2683"]
[Annotator "TA"]
[PlyCount "58"]
[EventDate "2018.10.05"]
[EventType "swiss"]
[EventCountry "RUS"]
[SourceTitle "playchess.com"]
[Source "ChessBase"]
[SourceQuality "1"]

{[%evp 16,58,43,33,64,59,80,80,91,79,80,80,80,79,85,78,80,68,70,66,77,85,83,82,78,46,37,0,0,0,-4,-22,0,-18,-35,-125,-127,-140,88,82,83,-755,-748,-732,-727]} 1. e4 e5 2. Nf3 Nc6 3. d4 exd4 4. Nxd4 Bc5 5. Be3 Qf6 6. c3 Nge7 7. Bc4 b6 8. O-O Bb7 9. Nb3 Bxe3 {C45: Scotch Game} 10. fxe3 Qg5 11. Bxf7+ Kd8 {White is better.} 12. Rf4 Ne5 13. Nd4 Kc8 $146 ({But not} 13... Nxf7 $2 14. Ne6+ (14. Rxf7 Qxe3+ 15. Rf2 Bxe4 $11) 14... Kc8 15. Nxg5 $18) ({Predecessor:} 13... Qh6 14. Nd2 c5 15. N4f3 Nd3 16. Nc4 Nxf4 17. exf4 {1-0 (39) Watson,W (2555)-Wells,P (2455) Walsall 1992}) 14. Nf3 Nxf3+ 15. Qxf3 Nc6 16. Bd5 Re8 17. Nd2 {Nc4 is the strong threat.} Ne5 18. Qe2 Bxd5 19. exd5 Kb7 20. Ra4 Ng6 21. Ne4 Qxd5 22. Rd1 Qc6 23. Qa6+ Kb8 24. Rc4 Qe6 25. Rb4 (25. h3 $15) 25... d5 $36 {[%mdl 2048] Black is in control.} 26. Rbd4 {[#]} c6 $2 {[#]} (26... c5 $1 $17 {[%cal Rc5d4] and life is bright.} 27. Nxc5 Qxe3+ 28. Kh1 Qe1+ 29. Qf1 Qxf1+ 30. Rxf1 bxc5 31. Rxd5 Re2) 27. c4 $1 $16 Ne7 {White must now prevent ...Nf5.} 28. Nc3 $2 {[%mdl 8192]} (28. cxd5 $16 Nxd5 29. Rf1) 28... Qxe3+ $19 29. Kh1 Nf5 {Precision: White = 45%, Black = 70%.} 0-1